BIBLIOTECA

SENCICO

Tecnología y propiedades / (Registro nro. 9778)

Detalles MARC
000 -LEADER
Campo de control de longitud fija 01872nam a22003137a 4500
003 - IDENTIFICADOR DEL NÚMERO DE CONTROL
Campo de control PE SENCICO BE
005 - FECHA Y HORA DE LA ÚLTIMA TRANSACCIÓN
Campo de control 20260226202628.0
008 - ELEMENTOS DE LONGITUD FIJA - INFORMACIÓN GENERAL
Campo de control de longitud fija 251210b |||||||| |||| 00| 0 eng d
020 ## - ISBN
ISBN 958 967 090 3
040 ## - FUENTE DE CATALOGACIÓN
Origen de catalogación PE SENCICO BE
Agencia que realiza la transcripción PE SENCICO BE
041 ## - CÓDIGO DE IDIOMA
Idioma del texto spa
082 ## - NÚMERO DE CLASIFICACIÓN DECIMAL DEWEY
Código de Clasificación Dewey 600
Notación Interna S21
Año de la edición 1997
100 1# - ASIENTO PRINCIPAL--NOMBRE PERSONAL
Autor Personal Sánchez de Guzman, Diego
9 (RLIN) 129
Término relacionado autor
245 1# - MENCIÓN DEL TITULO
Título Tecnología y propiedades /
Mención de responsabilidad Diego Sánchez de Guzmán, Jesús David Osorio Redondo
250 ## - MENCIÓN DE EDICIÓN
Edición 2a ed.
260 ## - PUBLICACIÓN, DISTRIBUCIÓN, ETC. (PIE DE IMPRENTA)
Lugar de publicación, distribución, etc. Bogotá :
Nombre de la Editorial, Distribuidor, etc. Instituto del Concreto-Asocreto ;
Fecha de publicación, distribución, etc. 1997
300 ## - DESCRIPCIÓN FÍSICA
Paginación 216 páginas :
Otros detalles físicos ilustraciones, tablas, diagramas ;
Dimensión 28 cm. x 22 cm.
440 ## - MENCIÓN DE SERIE / TÍTULO DE COLECCIÓN
Título de la colección o serie Colección básica del concreto ;
Número de colección o serie 1
504 ## - NOTA DE BIBLIOGRAFÍA, ETC.
Bibliografía (rango de páginas) Bibliografía: p.215
505 0# - NOTA DE CONTENIDO CON FORMATO PREESTABLECIDOE
Contenido o índice Introducción a la tecnología del concreto— Sistema internacional de unidades— Cemento Portland— Agua para el Concreto -- Agregados— Aditivos— Propiedades de Concreto Fresco— Propiedades del Concreto Endurecido— Propiedades del Mortero— Listas de Chequeo— Diseño de Mezclas de Concreto de Peso Normal
520 3# - NOTA DE RESUMEN, ETC.
Resumen, etc. Describe el buen comportamiento estructural, resistencia y durabilidad, dependiendo del conocimiento de la naturaleza del material, las propiedades y características de sus componentes. Profundiza los temas e ilustra sobre el concreto como mezcla homogénea, finalizando con el diseño de mezcla de acuerdo con las últimas tecnologías. Recopila conocimientos de la tecnología del concreto, lo que la convierte en texto de estudio básico para cualquier persona interesada en la actividad de la construcción.
650 10 - ASIENTO SECUNDARIO DE MATERIA - TERMINO TEMÁTICO
Término de tema o elemento de entrada de nombre geográfico Tecnología del concreto
9 (RLIN) 477
650 20 - ASIENTO SECUNDARIO DE MATERIA - TERMINO TEMÁTICO
Término de tema o elemento de entrada de nombre geográfico Cemento portland
9 (RLIN) 478
650 20 - ASIENTO SECUNDARIO DE MATERIA - TERMINO TEMÁTICO
Término de tema o elemento de entrada de nombre geográfico Tecnología de materiales
9 (RLIN) 406
700 1# - ASIENTO SECUNDARIO--NOMBRE PERSONAL
Autor Personal Osorio Redondo, Jesús D.
9 (RLIN) 130
Término de relación autor
710 1# - ASIENTO SECUNDARIO--NOMBRE CORPORATIVO
Nombre corporativo o de jurisdicción como elemento de entrada Instituto del Concreto-Asocreto
9 (RLIN) 131
910 ## - RESPONSABLE DEL REGISTRO
Coordinador de procesamiento de la información hfp
942 ## - ELEMENTOS DE KOHA
Fuente de clasificación o esquema de estanterías Dewey Decimal Classification
Tipo de documento Libros
999 ## -
-- 9778
-- 9778
Existencias
Estado Retiro Estado Perdido Sistema de Clasificación o Esquema de Estantería Estado Dañado No es para préstamo Ubicación Permanente Ubicación Actual Fecha de adquisición Total Checkouts Signatura topográfica completa Código de Barras Date last seen Precio efectivo desde Tipo de ítem Nota pública
    Dewey Decimal Classification     Biblioteca Trujillo Biblioteca Trujillo 10/12/2025   600/S21/1997 BibZtruj25122539 10/12/2025 10/12/2025 Libros 6a reimp.